[Event "GER-chT U18 Girls"]
[Site "Karlsruhe"]
[Date "2015.05.09"]
[Round "6.1"]
[White "Hiller, Samira"]
[Black "Dorendorf, Lena"]
[Result "1-0"]
[WhiteElo "959"]
[BlackElo "1125"]
[PlyCount "144"]
[EventDate "2015.05.07"]
[EventType "team-swiss"]
[EventRounds "7"]
[EventCountry "GER"]
[SourceTitle "EXT 2017"]
[Source "ChessBase"]
[SourceDate "2016.10.25"]
[SourceVersion "1"]
[SourceVersionDate "2016.10.25"]
[SourceQuality "1"]
[WhiteTeam "Dresden Man Gymn (W)"]
[BlackTeam "Gadebusch Gymn (W)"]
[WhiteTeamCountry "GER"]
[BlackTeamCountry "GER"]

1. e4 e5 2. Nf3 Nc6 3. Bc4 Nf6 4. Nc3 Bc5 5. Nxe5 Nxe5 6. d4 Nxc4 7. dxc5 Ne5 8. Qe2 d6 9. h3 dxc5 10. Bf4 Qe7 11. Bg5 Qe6 12. Qb5+ Ned7 13. Bxf6 c6 14. Qd3 Nxf6 15. 0-0 Nh5 16. Ne2 Qg6 17. Ng3 0-0 18. Rfe1 Be6 19. b3 Rfe8 20. Kh2 Rad8 21. Qf3 Nxg3 22. Qxg3 Qxg3+ 23. fxg3 Rd4 24. c3 Rd2 25. Kg1 Rd3 26. Kf2 Rxc3 27. Rac1 Rxc1 28. Rxc1 Rd8 29. Rxc5 Rd2+ 30. Kf1 Rxa2 31. b4 Rb2 32. b5 Rxb5 33. Rc2 a5 34. Rd2 h6 35. Rd8+ Kh7 36. Ra8 Re5 37. Kf2 Rxe4 38. Rxa5 b5 39. Ra6 Bd5 40. Rb6 b4 41. Kf3 c5 42. Rb5 Rc4+ 43. Ke3 Rc3+ 44. Kd2 Bxg2 45. h4 f5 46. h5 Rxg3 47. Rxc5 Rg5 48. Rb5 Rxh5 49. Rxb4 g5 50. Rc4 f4 51. Rc7+ Kg6 52. Rd7 g4 53. Rd4 Rf5 54. Rd6+ Rf6 55. Rd8 h5 56. Rg8+ Kf5 57. Rh8 Kg5 58. Rg8+ Kh4 59. Ke2 f3+ 60. Kf2 g3+ 61. Rxg3 Rf4 62. Rg8 Rg4 63. Rf8 Kg5 64. Rg8+ Kf4 65. Rf8+ Kg5 66. Rc8 h4 67. Rc5+ Kf4 68. Rc4+ Kf5 69. Rc5+ Kf4 70. Rc8 h3 71. Rf8+ Ke4 72. Re8+ Kf4 1-0

[Event "GER-chT U18 Girls"]
[Site "Karlsruhe"]
[Date "2015.05.09"]
[Round "5.1"]
[White "Marquard, Chantal"]
[Black "Hiller, Samira"]
[Result "0-1"]
[WhiteElo "800"]
[BlackElo "959"]
[PlyCount "84"]
[EventDate "2015.05.07"]
[EventType "team-swiss"]
[EventRounds "7"]
[EventCountry "GER"]
[SourceTitle "EXT 2017"]
[Source "ChessBase"]
[SourceDate "2016.10.25"]
[SourceVersion "1"]
[SourceVersionDate "2016.10.25"]
[SourceQuality "1"]
[WhiteTeam "Hennigsdorf OS (W)"]
[BlackTeam "Dresden Man Gymn (W)"]
[WhiteTeamCountry "GER"]
[BlackTeamCountry "GER"]

1. e4 e5 2. Nc3 Nf6 3. Bc4 Bc5 4. d3 h6 5. Nf3 Nc6 6. a3 d6 7. 0-0 Bg4 8. h3 Bxf3 9. Qxf3 Nd4 10. Qd1 0-0 11. Na4 b6 12. Be3 Qd7 13. b3 b5 14. Nb2 bxc4 15. Nxc4 Rab8 16. b4 Bb6 17. c3 Nc6 18. d4 exd4 19. cxd4 Nxe4 20. f3 Ng3 21. Re1 Nf5 22. Bf2 Bxd4 23. Qd2 Bxa1 24. Rxa1 Rfe8 25. g4 Nfe7 26. Qd3 Ng6 27. Rd1 Nce5 28. Qc3 Nxc4 29. Qxc4 c6 30. h4 d5 31. Qc3 Qd6 32. g5 Nf4 33. Bxa7 Ne2+ 34. Kf2 Nxc3 35. gxh6 Nxd1+ 36. Kf1 Qh2 37. h5 Qe2+ 38. Kg1 Qe1+ 39. Kg2 Re2+ 40. Kh3 f5 41. Bxb8 Qh1+ 42. Kg3 Qh2# 0-1

[Event "Sachsen-ch U12 Girls"]
[Site "Sebnitz"]
[Date "2013.04.04"]
[Round "4"]
[White "Haag, Lea"]
[Black "Hiller, Samira"]
[Result "1-0"]
[WhiteElo "1030"]
[BlackElo "901"]
[PlyCount "69"]
[EventDate "2013.04.02"]
[EventType "swiss"]
[EventRounds "7"]
[EventCountry "GER"]
[SourceTitle "EXT 2014"]
[Source "ChessBase"]
[SourceDate "2013.11.20"]
[SourceVersion "1"]
[SourceVersionDate "2013.11.20"]
[SourceQuality "1"]

1. e4 e5 2. Nf3 Nc6 3. Bb5 d6 4. 0-0 Nf6 5. Re1 g6 6. c3 Bg7 7. d4 Bd7 8. dxe5 dxe5 9. Bxc6 Bxc6 10. Qxd8+ Rxd8 11. Bg5 0-0 12. Nxe5 Bxe4 13. Nd2 Rxd2 14. Bxd2 Re8 15. Nc4 b5 16. Na5 Rd8 17. Bf4 c6 18. Rad1 Rf8 19. Bg5 Bd5 20. g4 Nxg4 21. Re7 Be5 22. h3 Nf6 23. Rxe5 Ne4 24. Bd2 Nxd2 25. Rxd2 Be6 26. Nxc6 a6 27. Rd8 Rxd8 28. Nxd8 Kg7 29. Nxe6+ fxe6 30. Rxe6 a5 31. Re5 b4 32. Rxa5 bxc3 33. bxc3 Kf7 34. Rd5 Ke6 35. Rd1 1-0

[Event "Sachsen-ch U10 Girls"]
[Site "Sebnitz"]
[Date "2011.04.29"]
[Round "6"]
[White "Hiller, Samira"]
[Black "Hertzschuch, Anna"]
[Result "1/2-1/2"]
[WhiteElo "771"]
[BlackElo "838"]
[PlyCount "73"]
[EventDate "2011.04.26"]
[EventType "swiss"]
[EventRounds "7"]
[EventCountry "GER"]
[SourceTitle "EXT 2012"]
[Source "ChessBase"]
[SourceDate "2011.11.24"]
[SourceVersion "1"]
[SourceVersionDate "2011.11.24"]
[SourceQuality "1"]

1. e4 c5 2. Nf3 e6 3. Bc4 Nf6 4. Nc3 d5 5. exd5 Nxd5 6. Nxd5 exd5 7. Bb5+ Bd7 8. Bxd7+ Nxd7 9. 0-0 Be7 10. d3 0-0 11. Bf4 Bf6 12. Qc1 c4 13. dxc4 dxc4 14. Bd2 Ne5 15. Nxe5 Bxe5 16. Bb4 Re8 17. Rb1 a5 18. Bc3 Qd6 19. Qe3 Bxh2+ 20. Kh1 Qh6 21. Qxh6 gxh6 22. Kxh2 Kf8 23. Kg1 b5 24. Bf6 Ra6 25. Bd4 a4 26. Bc5+ Kg7 27. Rbd1 Kg6 28. Rd5 f6 29. Rfd1 Re5 30. Rxe5 fxe5 31. Bd6 Kf5 32. f3 e4 33. fxe4+ Kxe4 34. Bc5 h5 35. Rd4+ Kf5 36. Bd6 Ke6 37. Bb4 1/2-1/2

[Event "Sachsen-ch U10 Girls"]
[Site "Sebnitz"]
[Date "2011.04.27"]
[Round "2"]
[White "Hiller, Samira"]
[Black "Belusa, Laura Sophie"]
[Result "0-1"]
[WhiteElo "771"]
[BlackElo "908"]
[PlyCount "64"]
[EventDate "2011.04.26"]
[EventType "swiss"]
[EventRounds "7"]
[EventCountry "GER"]
[SourceTitle "EXT 2012"]
[Source "ChessBase"]
[SourceDate "2011.11.24"]
[SourceVersion "1"]
[SourceVersionDate "2011.11.24"]
[SourceQuality "1"]

1. e4 g6 2. Nf3 Nf6 3. Nc3 Bg7 4. Bc4 0-0 5. 0-0 c6 6. h3 d5 7. exd5 cxd5 8. Bd3 d4 9. Na4 a6 10. Bc4 b5 11. Nc5 bxc4 12. d3 Qd5 13. Na4 Nbd7 14. Bf4 Qb5 15. b3 e5 16. Bg5 c3 17. Bxf6 Bxf6 18. Rb1 Nb6 19. Nxb6 Qxb6 20. Qe1 Re8 21. Qe4 Bb7 22. Qe2 e4 23. a3 exf3 24. Qd1 fxg2 25. Re1 Qc6 26. Qc1 Qd7 27. Qh6 Bg7 28. Qh4 Re6 29. Rxe6 Qxe6 30. a4 Be5 31. Re1 Qd6 32. Qg5 Bh2# 0-1